| 000 | 00616cab a22002055a 4500 | ||
|---|---|---|---|
| 001 | L157129 | ||
| 008 | 120906e20120901xxk 000 0 eng d | ||
| 035 | _a(Sirsi) u157129 | ||
| 041 | 0 | _aeng | |
| 100 | 1 | _aBickford-Smith, Stephen | |
| 245 | 0 | 0 | _aDon't be left in the dark |
| 260 | _c2012 | ||
| 490 |
_aEstates Gazette _v(1235) 1 September 2012, 64-66(3) |
||
| 520 | _aIs the current law on rights of light fair following Regan v Paul Properties and HXRUK II v Heaney? | ||
| 590 | _aKA | ||
| 651 | 4 |
_aEngland and Wales _y1543- |
|
| 690 |
_aRights of light _96267 |
||
| 700 | 1 | _aTaggart, Nicholas | |
| 942 | _n0 | ||
| 999 |
_c84265 _d84265 |
||